| 000 | 00486nam a2200181Ia 4500 | ||
|---|---|---|---|
| 001 | 15753 | ||
| 005 | 20260306170219.0 | ||
| 008 | 260306t2011||||xx |||||||||||||| ||und|| | ||
| 041 | _aESP | ||
| 082 |
_a604.24 _bS751 |
||
| 100 |
_aSmathers, Ted _eAUT |
||
| 245 | 0 |
_aVisualization for engineers and scientists: _ban engineering graphics text for design programs |
|
| 260 | _c2011 | ||
| 300 |
_a239 páginas : _c28 cm. |
||
| 650 | _aGEN | ||
| 654 | _aCAU | ||
| 942 |
_cLIB _dJUS _fJUS _2ddc _n |
||
| 999 |
_c15753 _d15753 |
||